[Event "Bundesliga 2024/25"]
[Site "Baden Baden GER"]
[Date "2025.01.12"]
[Round "6.6"]
[White "Jan-Krzysztof Duda"]
[Black "Matthias Bluebaum"]
[Result "1/2-1/2"]
[EventDate "2024.09.28"]
[WhiteElo "2732"]
[BlackElo "2640"]
[PlyCount "232"]
[WhiteTeam "SC Viernheim"]
[BlackTeam "Schachfreunde Deizisau"]

1. d4 d5 2. c4 e6 3. Nc3 Be7 4. cxd5 exd5 5. Bf4 Nf6 6. e3 O-O 7. Bd3 c5 8. Nge2 Nc6 9. O-O Bg4 10. dxc5 Bxc5 11. h3 Bxe2 12. Qxe2 d4 13. Ne4 Nxe4 14. Bxe4 Qe7 15. Bxc6 bxc6 16. Rfe1 Qf6 17. Qh5 Bb4 18. Red1 dxe3 19. Bxe3 Qxb2 20. Rab1 Qa3 21. Rb3 Qa5 22. Qg4 Be7 23. Bd4 Qg5 24. Qe4 Qh5 25. Re1 Bd6 26. Qxc6 Qg6 27. g3 a5 28. Re4 Rfc8 29. Qd5 Bf8 30. Rb6 Rc1+ 31. Kg2 Rd8 32. Qe5 f6 33. Qe6+ Qf7 34. Qxf7+ Kxf7 35. Rb7+ Kg8 36. Ra7 f5 37. Rf4 Rd5 38. Bb6 Rc2 39. Rxa5 Rxa5 40. Bxa5 Rxa2 41. Rxf5 Rc2 42. g4 Bc5 43. Bd8 h6 44. Bh4 Bd6 45. Rd5 Bf4 46. Be7 Be3 47. Rf5 Bd4 48. Bd6 Rc6 49. Rd5 Bf6 50. Bg3 Rc4 51. Kf3 Kf7 52. Rd7+ Ke6 53. Ra7 Rc3+ 54. Kg2 Rc4 55. Rb7 Ra4 56. Bb8 Ra2 57. Ba7 Rb2 58. Rc7 Rb5 59. Rc6+ Kf7 60. Bc5 Be7 61. Bd4 h5 62. Rc7 hxg4 63. hxg4 Ke6 64. f4 Bd6 65. f5+ Kd5 66. Rd7 Rb4 67. Bxg7 Rxg4+ 68. Kh3 Rg5 69. Bf8 Rxf5 70. Rxd6+ Ke5 71. Rd8 Rf1 72. Bd6+ Ke4 73. Kg4 Rd1 74. Re8+ Kd5 75. Kf5 Rh1 76. Bf4 Rh5+ 77. Bg5 Rh1 78. Rd8+ Kc4 79. Ke4 Re1+ 80. Be3 Rh1 81. Rc8+ Kb5 82. Bd4 Rh4+ 83. Kd5 Rh5+ 84. Be5 Rg5 85. Rb8+ Ka5 86. Rb1 Rh5 87. Kd4 Ka6 88. Bd6 Rb5 89. Rh1 Rg5 90. Kc4 Kb6 91. Rh6 Rg2 92. Be5+ Kb7 93. Kb5 Kc8 94. Rh7 Rd2 95. Kc6 Rd7 96. Rh8+ Rd8 97. Rh1 Rd7 98. Bd6 Rc7+ 99. Kd5 Rc2 100. Bc5 Kd7 101. Rh7+ Kd8 102. Kc6 Re2 103. Ra7 Ke8 104. Bd6 Re1 105. Kd5 Kd8 106. Be5 Rd1+ 107. Ke6 Rc1 108. Ra2 Rc6+ 109. Bd6 Rc1 110. Rh2 Kc8 111. Rb2 Kd8 112. Rb8+ Rc8 113. Rb1 Rc2 114. Bf4 Rc4 115. Rb8+ Rc8 116. Rxc8+ Kxc8 1/2-1/2

[Event "World Blitz Championship"]
[Site "New York, NY USA"]
[Date "2024.12.30"]
[Round "9.4"]
[White "Alireza Firouzja"]
[Black "Jan-Krzysztof Duda"]
[Result "1-0"]
[EventDate "2024.12.30"]
[WhiteElo "2871"]
[BlackElo "2776"]
[PlyCount "60"]

1. e4 d5 2. exd5 Qxd5 3. Nc3 Qd8 4. d4 Nf6 5. Nf3 g6 6. Bc4 Bg7 7. O-O O-O 8. Re1 a6 9. a4 Nc6 10. h3 b6 11. Bg5 Bb7 12. Qd2 e6 13. Rad1 Ne7 14. Ne5 Nf5 15. Ng4 h5 16. Ne5 Qd6 17. Bf4 Qd8 18. f3 Nd5 19. Bxd5 Bxd5 20. Nxd5 Qxd5 21. c4 Qb7 22. Qf2 Rad8 23. g4 hxg4 24. hxg4 Ne7 25. Kg2 c5 26. Rh1 f6 27. Nd3 Rd6 28. Qh4 Rxd4 29. Qh7+ Kf7 30. Bh6 1-0

[Event "TechM Global Chess League"]
[Site "London ENG"]
[Date "2024.10.11"]
[Round "10.2"]
[White "Jan-Krzysztof Duda"]
[Black "Nodirbek Abdusattorov"]
[Result "1/2-1/2"]
[EventDate "2024.10.03"]
[WhiteElo "2745"]
[BlackElo "2722"]
[PlyCount "100"]

1. b3 b6 2. Bb2 Bb7 3. Nf3 Nf6 4. Bxf6 exf6 5. e3 g6 6. g3 a5 7. Nc3 Bb4 8. Na4 O-O 9. a3 Be7 10. Bg2 d5 11. O-O Nd7 12. c4 Nc5 13. Nxc5 bxc5 14. cxd5 Bxd5 15. Qc2 Qd7 16. d3 Rfd8 17. Rfd1 a4 18. bxa4 Qxa4 19. Rdc1 f5 20. Ne1 Bb3 21. Qc3 Rab8 22. Nf3 Be6 23. d4 Bf8 24. dxc5 Bg7 25. Nd4 Bxd4 26. exd4 Rb3 27. Qe1 Rxd4 28. Qe5 Rxa3 29. Rab1 Rd8 30. Qxc7 Rad3 31. c6 Qd4 32. h4 Kg7 33. Qf4 Qxf4 34. gxf4 Rc8 35. Rc5 Rc7 36. Rb7 Rc8 37. c7 Kf6 38. Rb8 Rd7 39. Rb7 Ke7 40. Ra7 Kd6 41. Rc6+ Ke7 42. Rc1 Bd5 43. Re1+ Be6 44. Rc1 Bd5 45. Bf1 Kd6 46. Ra6+ Ke7 47. Ra7 Kd6 48. Ra6+ Ke7 49. Ra7 Kd6 50. Ra6+ 1/2-1/2

[Event "TechM Global Chess League"]
[Site "London ENG"]
[Date "2024.10.10"]
[Round "9.1"]
[White "Santosh Gujrathi Vidit"]
[Black "Jan-Krzysztof Duda"]
[Result "0-1"]
[EventDate "2024.10.03"]
[WhiteElo "2674"]
[BlackElo "2745"]
[PlyCount "132"]

1. d4 d5 2. c4 e6 3. Nf3 c6 4. Nbd2 f5 5. g3 Nf6 6. Bg2 Bd6 7. O-O O-O 8. Ne5 Nbd7 9. Ndf3 Bxe5 10. dxe5 Ne4 11. b3 Qe7 12. a4 Rd8 13. Qc2 a5 14. Ba3 Qe8 15. Rac1 b6 16. cxd5 cxd5 17. Nd4 Nxe5 18. Qc7 Nf7 19. Qxb6 Bd7 20. Rc7 Rdb8 21. Rb7 e5 22. Nb5 Rxb7 23. Qxb7 Bc6 24. Qb6 Rb8 25. Qxa5 Bxb5 26. axb5 Rxb5 27. Qa6 Rxb3 28. Rc1 Rb8 29. Rc7 Nf6 30. Be7 Ra8 31. Qe6 e4 32. Qxf5 Nh6 33. Qe6+ Kh8 34. Bh3 Nhg8 35. Bc5 Qh5 36. Qf7 Qxf7 37. Rxf7 Ra2 38. Bf8 Ne8 39. Bd7 Ngf6 40. Bxe8 Nxe8 41. Rd7 Kg8 42. Bc5 Nf6 43. Rd8+ Kf7 44. e3 Ng4 45. Rxd5 Ke6 46. Rd6+ Ke5 47. Rd7 Nxf2 48. Bd4+ Ke6 49. Rxg7 h5 50. Rg6+ Ke7 51. Kf1 Ng4 52. h3 Nh2+ 53. Ke1 Nf3+ 54. Kd1 Rh2 55. g4 h4 56. g5 Rxh3 57. Rg7+ Ke6 58. g6 Rg3 59. Rg8 h3 60. g7 h2 61. Rh8 Rg2 62. Bc3 Kd5 63. Rh5+ Kc4 64. Be1 Rxg7 65. Bf2 Kd3 66. Rd5+ Kc3 0-1

[Event "TechM Global Chess League"]
[Site "London ENG"]
[Date "2024.10.09"]
[Round "8.3"]
[White "Jan-Krzysztof Duda"]
[Black "R Praggnanandhaa"]
[Result "0-1"]
[EventDate "2024.10.03"]
[WhiteElo "2740"]
[BlackElo "2746"]
[PlyCount "126"]

1. e4 e5 2. Nf3 Nc6 3. Bc4 Bc5 4. d3 Nf6 5. c3 a6 6. a4 Ba7 7. O-O d6 8. h3 h6 9. Na3 g5 10. Nh2 Rg8 11. Be3 g4 12. Bxa7 Nxa7 13. h4 Nc6 14. b4 Be6 15. Qd2 h5 16. f4 Qe7 17. Rae1 Nd7 18. g3 exf4 19. Rxf4 Nce5 20. Bd5 O-O-O 21. Nc2 Nf3+ 22. Nxf3 gxf3 23. Kf2 Ne5 24. Ne3 Qd7 25. Bxe6 fxe6 26. d4 Qg7 27. Rg1 Ng6 28. Rxf3 Nxh4 29. Rf4 Rdf8 30. Qd1 Qg5 31. Rxf8+ Rxf8+ 32. Ke2 Rf3 33. Qc1 Rxg3 34. Rxg3 Qxg3 35. Qf1 Ng6 36. Kd2 Nf4 37. b5 axb5 38. axb5 h4 39. b6 h3 40. d5 h2 41. dxe6 h1=Q 42. Qxh1 Qf2+ 43. Kc1 Qxe3+ 44. Kc2 Nxe6 45. Qh8+ Kd7 46. Qh7+ Kc6 47. bxc7 Nxc7 48. Qf5 Qe2+ 49. Kc1 Qc4 50. Kd2 Qc5 51. Qg6 Nb5 52. Qe8+ Kb6 53. Qd8+ Qc7 54. Qf8 Qxc3+ 55. Kd1 Qd3+ 56. Kc1 Qc4+ 57. Kd1 Qc6 58. Qd8+ Qc7 59. Qg8 Nc3+ 60. Kc2 Nxe4+ 61. Kb1 Nc5 62. Qc4 Qc6 63. Qh4 Qe4+ 0-1

[Event "TechM Global Chess League"]
[Site "London ENG"]
[Date "2024.10.06"]
[Round "3.3"]
[White "R Praggnanandhaa"]
[Black "Jan-Krzysztof Duda"]
[Result "1/2-1/2"]
[EventDate "2024.10.03"]
[WhiteElo "2668"]
[BlackElo "2745"]
[PlyCount "94"]

1. d4 Nf6 2. Nf3 d5 3. c4 e6 4. Nc3 c5 5. e3 dxc4 6. Bxc4 a6 7. a3 b5 8. Ba2 Bb7 9. O-O Be7 10. Qe2 Nbd7 11. Rd1 O-O 12. e4 b4 13. d5 bxc3 14. dxe6 fxe6 15. Bxe6+ Kh8 16. e5 Bxf3 17. gxf3 cxb2 18. Bxb2 Qe8 19. exf6 Nxf6 20. Kh1 Nh5 21. Bd7 Qf7 22. Bg4 Nf4 23. Qe4 Bf6 24. Rd7 Qg6 25. Qxg6 hxg6 26. Bxf6 gxf6 27. Re1 Rad8 28. Ree7 Rxd7 29. Bxd7 f5 30. h4 Rf6 31. Bc8 Rc6 32. Bb7 Rb6 33. Rc7 a5 34. Bc8 Rb3 35. a4 Rc3 36. Ra7 c4 37. Rxa5 Rc1+ 38. Kh2 c3 39. Rc5 Nd3 40. Rc7 c2 41. h5 Nb4 42. hxg6 Re1 43. g7+ Kg8 44. Bxf5 c1=Q 45. Be6+ Rxe6 46. Rxc1 Kxg7 47. Rc4 1/2-1/2

[Event "TechM Global Chess League"]
[Site "London ENG"]
[Date "2024.10.04"]
[Round "2.2"]
[White "Nodirbek Abdusattorov"]
[Black "Jan-Krzysztof Duda"]
[Result "1/2-1/2"]
[EventDate "2024.10.03"]
[WhiteElo "2722"]
[BlackElo "2745"]
[PlyCount "70"]

1. d4 Nf6 2. c4 e6 3. Nf3 d5 4. Bg5 h6 5. Bh4 dxc4 6. e3 b5 7. a4 c6 8. Nc3 Bb4 9. Be2 Nbd7 10. O-O Qb6 11. Qc2 Bb7 12. b3 cxb3 13. Qxb3 a5 14. Na2 bxa4 15. Qxa4 O-O 16. Rab1 c5 17. Bxf6 Nxf6 18. dxc5 Qxc5 19. Rfc1 Qe7 20. Nxb4 axb4 21. Qxb4 Qxb4 22. Rxb4 Bxf3 23. Bxf3 Rac8 24. Ra1 Rc7 25. h4 h5 26. Rf4 Rfc8 27. Ra2 Rc1+ 28. Kh2 R1c2 29. Rxc2 Rxc2 30. Kg3 Rc5 31. Rb4 g6 32. Rb7 Kg7 33. Ra7 Rc4 34. Kh3 Ne4 35. Bxe4 Rxe4 1/2-1/2

[Event "TechM Global Chess League"]
[Site "London ENG"]
[Date "2024.10.03"]
[Round "1.1"]
[White "Jan-Krzysztof Duda"]
[Black "Santosh Gujrathi Vidit"]
[Result "1-0"]
[EventDate "2024.10.03"]
[WhiteElo "2745"]
[BlackElo "2674"]
[PlyCount "58"]

1. e4 e5 2. Nf3 Nc6 3. Nc3 Nf6 4. Bb5 Nd4 5. O-O c6 6. Bd3 Nxf3+ 7. Qxf3 d6 8. Be2 h5 9. d3 g6 10. Bg5 Be7 11. Rad1 Bg4 12. Qe3 Nd5 13. exd5 Bxg5 14. f4 Bh6 15. dxc6 bxc6 16. d4 Qb6 17. Na4 Qa5 18. dxe5 Qxa4 19. Bxg4 hxg4 20. exd6+ Kf8 21. Qe7+ Kg7 22. Qe5+ Kg8 23. d7 Rd8 24. f5 g5 25. Rd6 Qb4 26. Qe8+ Bf8 27. Rg6+ fxg6 28. Qe6+ Kh7 29. Qxg6# 1-0

[Event "Budapest Olympiad"]
[Site "Budapest HUN"]
[Date "2024.09.19"]
[Round "8.18"]
[White "Jan-Krzysztof Duda"]
[Black "Evgeny Romanov"]
[Result "1-0"]
[EventDate "2024.09.11"]
[WhiteElo "2732"]
[BlackElo "2567"]
[PlyCount "84"]

1. e4 e5 2. Nf3 Nc6 3. Bc4 Nf6 4. d3 Be7 5. Nc3 d6 6. a3 O-O 7. Be3 a6 8. h3 b5 9. Ba2 b4 10. axb4 Nxb4 11. Bb3 c5 12. O-O Rb8 13. Nb1 Nc6 14. Nbd2 Nd4 15. Bc4 a5 16. Nb3 Nxf3+ 17. Qxf3 Ra8 18. Bg5 Bb7 19. Ra2 a4 20. Nd2 Nd7 21. Bxe7 Qxe7 22. Bb5 Nb6 23. Rfa1 d5 24. Qe2 dxe4 25. Nxe4 f5 26. Nc3 Qg5 27. f3 Kh8 28. Bxa4 c4 29. Qf2 Nxa4 30. Rxa4 Rxa4 31. Rxa4 cxd3 32. cxd3 h6 33. d4 exd4 34. Rxd4 Ra8 35. Kh2 Qf6 36. Qe3 Qb6 37. Qe5 Ra5 38. Qb8+ Kh7 39. Rd7 Ra1 40. Ne2 Ra7 41. Qe5 Qg6 42. Nf4 1-0

[Event "Budapest Olympiad"]
[Site "Budapest HUN"]
[Date "2024.09.12"]
[Round "2.11"]
[White "Jan-Krzysztof Duda"]
[Black "Gergely Kantor"]
[Result "1-0"]
[EventDate "2024.09.11"]
[WhiteElo "2732"]
[BlackElo "2537"]
[PlyCount "124"]

1. c4 e5 2. g3 Nf6 3. Bg2 d5 4. cxd5 Nxd5 5. Nc3 Nb6 6. a3 a5 7. d3 Nc6 8. Be3 Bd6 9. Nf3 O-O 10. Rc1 Bg4 11. h3 Bh5 12. Nh4 Re8 13. Nf5 Bf8 14. Bxb6 cxb6 15. g4 Bg6 16. Be4 Nd4 17. e3 Ne6 18. Bxb7 Nc5 19. Be4 Rc8 20. h4 b5 21. Ke2 b4 22. axb4 axb4 23. Nd5 f6 24. Qg1 Bf7 25. Qg2 Nb3 26. Rxc8 Qxc8 27. Nh6+ gxh6 28. Nxf6+ Kh8 29. Nxe8 Bxe8 30. Kf3 h5 31. g5 Nd2+ 32. Kg3 Qg4+ 33. Kh2 Nxe4 34. Qxe4 Qxe4 35. dxe4 Bg6 36. f3 Bc5 37. Re1 b3 38. Kg2 Kg7 39. Rc1 Bb4 40. Kf2 Bf7 41. Rc7 Bd6 42. Rd7 Bc5 43. Ke2 Kg8 44. Rc7 Bb4 45. f4 Bd6 46. Rc6 Bb4 47. fxe5 Kf8 48. e6 Bg6 49. Rb6 Bc5 50. Rb5 Bd6 51. Kf3 Bh2 52. e5 Be8 53. Rc5 Bg1 54. Rc3 Bh2 55. Ke4 Bg3 56. Kf5 Be1 57. Rxb3 Ba5 58. Rb8 Bc7 59. Rc8 Ba5 60. Kf6 Bb4 61. Rc7 Kg8 62. e7 1-0

[Event "FIDE World Rapid Team"]
[Site "Astana KAZ"]
[Date "2024.08.04"]
[Round "10.2"]
[White "Peter Svidler"]
[Black "Jan-Krzysztof Duda"]
[Result "1/2-1/2"]
[EventDate "2024.08.02"]
[WhiteElo "2728"]
[BlackElo "2775"]
[PlyCount "60"]

1. c4 c6 2. Nf3 d5 3. e3 Nf6 4. Nc3 e6 5. b3 Bd6 6. Bb2 O-O 7. d4 Nbd7 8. Qc2 e5 9. dxe5 Nxe5 10. O-O-O Qe7 11. cxd5 Bg4 12. Be2 cxd5 13. Nxe5 Bxe2 14. Qxe2 Bxe5 15. Nxd5 Rac8+ 16. Kb1 Nxd5 17. Rxd5 Bxb2 18. Kxb2 Qe4 19. Rhd1 Qxg2 20. h4 h6 21. h5 Qh2 22. R1d4 Qc7 23. Qc4 Qe7 24. Qd3 Rc5 25. Rd8 Qf6 26. Rxf8+ Kxf8 27. Kb1 Qc6 28. Kb2 Qf6 29. Kb1 Qc6 30. Kb2 Qf6 1/2-1/2

[Event "FIDE World Rapid Team"]
[Site "Astana KAZ"]
[Date "2024.08.04"]
[Round "11.2"]
[White "Pavel Eljanov"]
[Black "Jan-Krzysztof Duda"]
[Result "0-1"]
[EventDate "2024.08.02"]
[WhiteElo "2635"]
[BlackElo "2775"]
[PlyCount "76"]

1. d4 Nf6 2. c4 g6 3. g3 c6 4. Bg2 d5 5. Nf3 Bg7 6. O-O O-O 7. Qa4 Nfd7 8. cxd5 Nb6 9. Qc2 cxd5 10. b3 Nc6 11. e3 Bf5 12. Qd2 Nc8 13. Nc3 Nd6 14. Nh4 Ne4 15. Nxe4 Bxe4 16. f3 Bf5 17. Nxf5 gxf5 18. f4 Qd7 19. Ba3 Rfc8 20. h3 Bf8 21. g4 fxg4 22. hxg4 Qxg4 23. Rf3 e6 24. Qf2 Kh8 25. Rg3 Qh5 26. Bxf8 Rxf8 27. f5 Ne7 28. fxe6 fxe6 29. Rh3 Rxf2 30. Rxh5 Re2 31. Rf1 Nf5 32. Rf2 Re1+ 33. Kh2 Rg8 34. Bh3 Rgg1 35. Rhxf5 Rh1+ 36. Kg3 exf5 37. Bxf5 Rxe3+ 38. Kf4 Re7 0-1

[Event "FIDE World Rapid Team"]
[Site "Astana KAZ"]
[Date "2024.08.04"]
[Round "12.2"]
[White "Jan-Krzysztof Duda"]
[Black "M Amin Tabatabaei"]
[Result "1-0"]
[EventDate "2024.08.02"]
[WhiteElo "2775"]
[BlackElo "2562"]
[PlyCount "54"]

1. Nf3 d5 2. g3 Nf6 3. Bg2 c6 4. c4 dxc4 5. O-O e6 6. a4 Nbd7 7. Qc2 e5 8. Qxc4 Nc5 9. Ng5 Ne6 10. d3 a5 11. Na3 Nxg5 12. Bxg5 h6 13. Bxf6 Qxf6 14. f4 exf4 15. Rxf4 Qxb2 16. Bxc6+ bxc6 17. Qxc6+ Ke7 18. Qc7+ Ke8 19. Qxf7+ Kd8 20. Qd5+ Ke8 21. Rb1 Qxa3 22. Qxa8 Qc5+ 23. Kg2 Qc2 24. Rb8 Kd7 25. Qd5+ Bd6 26. Rf7+ Ke8 27. Qe6+ 1-0

[Event "FIDE World Rapid Team"]
[Site "Astana KAZ"]
[Date "2024.08.03"]
[Round "5.3"]
[White "Jan-Krzysztof Duda"]
[Black "Vladislav Artemiev"]
[Result "1/2-1/2"]
[EventDate "2024.08.02"]
[WhiteElo "2775"]
[BlackElo "2799"]
[PlyCount "100"]

1. e4 e5 2. Nf3 Nc6 3. Bb5 a6 4. Ba4 Nf6 5. O-O Be7 6. Re1 b5 7. Bb3 O-O 8. d3 d6 9. c3 Na5 10. Bc2 c5 11. d4 exd4 12. cxd4 Bg4 13. Nbd2 cxd4 14. h3 Bh5 15. g4 d3 16. Bxd3 Bg6 17. Nh4 Nd7 18. Nf5 Ne5 19. Nxe7+ Qxe7 20. Bf1 Qf6 21. a4 Nac4 22. Kg2 Rad8 23. axb5 axb5 24. Ra6 Qe7 25. Nxc4 bxc4 26. Qd5 Qe6 27. Ra5 Nd3 28. Bxd3 cxd3 29. f4 Qxd5 30. Rxd5 f6 31. Rxd3 Rfe8 32. f5 Bf7 33. Bf4 Rb8 34. Rd2 Rb4 35. Bxd6 Rbxe4 36. Rxe4 Rxe4 37. b4 Be8 38. Bc5 Bc6 39. Kg3 h5 40. Rd6 Bb5 41. gxh5 Kh7 42. Rb6 Bd7 43. Rb7 Bxf5 44. Bf8 Kh6 45. Bxg7+ Kxh5 46. Bxf6 Kg6 47. Rb6 Re3+ 48. Kf4 Re4+ 49. Kf3 Re6 50. Rxe6 1/2-1/2

[Event "FIDE World Rapid Team"]
[Site "Astana KAZ"]
[Date "2024.08.03"]
[Round "6.2"]
[White "Jan-Krzysztof Duda"]
[Black "Munkhdalai Amilal"]
[Result "1-0"]
[EventDate "2024.08.02"]
[WhiteElo "2775"]
[BlackElo "2319"]
[PlyCount "180"]

1. d4 Nf6 2. Nf3 e6 3. Bg5 d5 4. e3 Nbd7 5. Nbd2 Be7 6. Bd3 c5 7. c3 O-O 8. h4 b6 9. g4 Bb7 10. Bxf6 Nxf6 11. g5 Nd7 12. Qc2 g6 13. h5 Kg7 14. O-O-O c4 15. Be2 b5 16. Rh3 Qc7 17. Rdh1 Rh8 18. Nh2 b4 19. Ng4 bxc3 20. Qxc3 Bxg5 21. f4 Be7 22. Nf3 Nf6 23. Nxf6 Bxf6 24. Bd1 Bc6 25. Qd2 Rab8 26. Qh2 gxh5 27. Rxh5 Kf8 28. Qd2 Qb6 29. Rxh7 Rxh7 30. Rxh7 Qb4 31. Qxb4+ Rxb4 32. Ne5 Bxe5 33. fxe5 Ke7 34. Bh5 Be8 35. Kc2 Ra4 36. a3 Ra6 37. Kc3 Rb6 38. Bd1 Kf8 39. Rh8+ Ke7 40. Bc2 Rb7 41. Rh2 Bc6 42. Rh8 Be8 43. Rg8 Rb6 44. Rg2 Bc6 45. b3 cxb3 46. Bxb3 Be8 47. Rg8 Rc6+ 48. Kb2 Rb6 49. Ka2 Ra6 50. Bc2 Rb6 51. Bd3 Rb7 52. Bc2 Rb6 53. Rh8 Rb7 54. Bd3 Rb6 55. Rg8 Rb7 56. Rg2 Rc7 57. Rb2 Bd7 58. Rb3 f6 59. Kb2 fxe5 60. dxe5 Bc8 61. Rb4 Kd8 62. Rg4 Rf7 63. Kc3 Kc7 64. Kd4 Kb6 65. Rg8 Bd7 66. Rb8+ Kc7 67. Rb2 Rf3 68. Ba6 Bc6 69. Rc2 Kd7 70. Bc8+ Kxc8 71. Rxc6+ Kd7 72. Rd6+ Ke7 73. Ra6 Rh3 74. Rxa7+ Kf8 75. a4 Rh4+ 76. Kc5 Re4 77. Kd6 Rxe3 78. Kxe6 d4 79. Rd7 Rd3 80. Rd8+ Kg7 81. Ke7 Rd1 82. e6 d3 83. a5 d2 84. a6 Kg6 85. Rd5 Ra1 86. Rxd2 Rxa6 87. Rg2+ Kh7 88. Kf7 Kh6 89. e7 Ra7 90. Kf8 1-0

[Event "FIDE World Rapid Team"]
[Site "Astana KAZ"]
[Date "2024.08.03"]
[Round "8.3"]
[White "Jan-Krzysztof Duda"]
[Black "Yangyi Yu"]
[Result "1/2-1/2"]
[EventDate "2024.08.02"]
[WhiteElo "2775"]
[BlackElo "2762"]
[PlyCount "46"]

1. e4 e5 2. Nf3 Nf6 3. Nxe5 d6 4. Nf3 Nxe4 5. d4 d5 6. Bd3 Nc6 7. O-O Be7 8. Nbd2 Nxd2 9. Bxd2 Bg4 10. c3 O-O 11. h3 Bh5 12. g3 Qd7 13. Kg2 Bg6 14. Bf4 Rae8 15. Re1 Bxd3 16. Qxd3 Nd8 17. h4 h6 18. Re5 c6 19. Rae1 Bf6 20. R5e3 Rxe3 21. Rxe3 Re8 22. Be5 Be7 23. a4 Bf8 1/2-1/2

[Event "FIDE World Rapid Team"]
[Site "Astana KAZ"]
[Date "2024.08.02"]
[Round "3.3"]
[White "Raunak Sadhwani"]
[Black "Jan-Krzysztof Duda"]
[Result "1/2-1/2"]
[EventDate "2024.08.02"]
[WhiteElo "2576"]
[BlackElo "2775"]
[PlyCount "70"]

1. d4 Nf6 2. c4 e6 3. Nc3 Bb4 4. Qc2 O-O 5. a3 Bxc3+ 6. Qxc3 d5 7. Nf3 dxc4 8. Qxc4 b6 9. Bg5 Bb7 10. Rc1 c5 11. dxc5 h6 12. Bxf6 Qxf6 13. Qc3 Rc8 14. Qxf6 gxf6 15. e3 Nd7 16. c6 Bxc6 17. Nd4 Bb7 18. Rd1 Ne5 19. f3 f5 20. Kf2 Rc5 21. Be2 a5 22. Rd2 Ba6 23. Bxa6 Rxa6 24. h3 h5 25. f4 Nc4 26. Rc2 Nd6 27. Rhc1 Ra8 28. Kf3 Rac8 29. Rxc5 bxc5 30. Nb3 Rb8 31. Nxa5 Rxb2 32. Nc4 Nxc4 33. Rxc4 Ra2 34. a4 h4 35. Rxc5 1/2-1/2

[Event "FIDE World Rapid Team"]
[Site "Astana KAZ"]
[Date "2024.08.02"]
[Round "4.3"]
[White "Jan-Krzysztof Duda"]
[Black "Van Foreest, Jorden"]
[Result "1/2-1/2"]
[EventDate "2024.08.02"]
[WhiteElo "2775"]
[BlackElo "2659"]
[PlyCount "122"]

1. Nf3 d5 2. c4 c6 3. g3 Nf6 4. Bg2 g6 5. Qa4 Bg7 6. cxd5 Nxd5 7. Nc3 O-O 8. h4 h5 9. O-O Bg4 10. Rd1 Nb6 11. Qa5 Na6 12. d4 Qd6 13. Ne5 Be6 14. Nxc6 bxc6 15. Qxa6 Bc4 16. Qa5 Bxd4 17. Be3 Qe5 18. Qxe5 Bxe5 19. Bxc6 Rad8 20. Bf3 f6 21. Bxb6 axb6 22. Bd5+ Bxd5 23. Nxd5 Kf7 24. Nxb6 Bxb2 25. Rab1 Ba3 26. Nc4 Rxd1+ 27. Rxd1 Ra8 28. Rd2 Ke6 29. Kg2 Bc5 30. Rc2 Ra4 31. Nd2 Bd6 32. Nf3 Kf7 33. e3 Ke6 34. Nd4+ Kf7 35. Kf3 Be5 36. Nc6 Bd6 37. Kg2 Ke6 38. Nd4+ Kf7 39. f4 Ra5 40. Kf3 g5 41. Nc6 Ra8 42. Nd4 Ra5 43. Nb3 Rb5 44. Rc4 gxh4 45. gxh4 Rb8 46. Nd4 Ba3 47. Ra4 Bc5 48. Rc4 Bxd4 49. Rxd4 Rb2 50. a4 f5 51. Rd1 Ra2 52. Rg1 Kf6 53. Rg5 e5 54. Rxh5 e4+ 55. Kg3 Re2 56. Rh6+ Kg7 57. Rb6 Rxe3+ 58. Kg2 Re2+ 59. Kg3 Re3+ 60. Kg2 Re2+ 61. Kg3 1/2-1/2

[Event "Bundesliga 2023-24"]
[Site "GER"]
[Date "2024.02.25"]
[Round "11.4"]
[White "Mykhaylo Oleksiyenko"]
[Black "Jan-Krzysztof Duda"]
[Result "1/2-1/2"]
[EventDate "2023.10.21"]
[WhiteElo "2567"]
[BlackElo "2726"]
[PlyCount "104"]

1. e4 e5 2. Nf3 Nc6 3. Nc3 Nf6 4. d4 exd4 5. Nxd4 Bb4 6. Nxc6 bxc6 7. Bd3 d5 8. Bd2 O-O 9. O-O Bxc3 10. Bxc3 dxe4 11. Bxf6 Qxf6 12. Bxe4 Qxb2 13. Bxc6 Rb8 14. Rb1 Qxb1 15. Qxb1 Rxb1 16. Rxb1 Rd8 17. Bf3 Kf8 18. Rb8 Re8 19. h3 Bf5 20. Rb7 Be4 21. Rxa7 Bxf3 22. gxf3 Re1+ 23. Kg2 Rc1 24. Rxc7 Ra1 25. f4 Rxa2 26. Kg3 Ra1 27. f5 Rg1+ 28. Kf4 Rf1 29. f3 Rh1 30. Kg3 Rg1+ 31. Kf2 Rh1 32. Kg2 Re1 33. Rc4 Rd1 34. f6 gxf6 35. Kf2 Rh1 36. h4 Ke7 37. Re4+ Kd6 38. Kg3 f5 39. Re8 h5 40. Rh8 f4+ 41. Kg2 Rc1 42. Rxh5 Rxc2+ 43. Kh3 Ke6 44. Kg4 Kf6 45. Rf5+ Kg6 46. h5+ Kg7 47. Kxf4 Rh2 48. Kg3 Rh1 49. Kg2 Rh4 50. f4 Kh6 51. Rxf7 Rxh5 52. Kg3 1/2-1/2

[Event "Bundesliga 2023-24"]
[Site "GER"]
[Date "2024.02.23"]
[Round "9.4"]
[White "Jan Gustafsson"]
[Black "Jan-Krzysztof Duda"]
[Result "0-1"]
[EventDate "2023.10.21"]
[WhiteElo "2620"]
[BlackElo "2726"]
[PlyCount "100"]

1. d4 d5 2. c4 dxc4 3. Nf3 Nf6 4. e3 e6 5. Bxc4 c5 6. O-O a6 7. b3 Nbd7 8. Bb2 Be7 9. dxc5 Bxc5 10. Nbd2 b6 11. Be2 Bb7 12. Nc4 O-O 13. Nfe5 Nxe5 14. Bxe5 b5 15. Nb2 Ne4 16. Nd3 Bb6 17. Rc1 Qd5 18. Bf3 Rad8 19. Bc7 Bxc7 20. Rxc7 Ba8 21. Qc1 Qxd3 22. Rd1 Nd2 23. Bxa8 Nxb3 24. Rxd3 Nxc1 25. Rxd8 Rxd8 26. Rxc1 Rxa8 27. Kf1 Kf8 28. Rc7 b4 29. Ke2 a5 30. e4 g5 31. Kd3 Kg7 32. f3 h5 33. g3 h4 34. Rc5 Kf6 35. Rb5 h3 36. Ke3 Rc8 37. e5+ Kg6 38. Rxa5 Rc2 39. Ra4 Rxh2 40. Rxb4 Rg2 41. Rb1 Rxg3 42. a4 Kf5 43. a5 g4 44. Ra1 Rxf3+ 45. Ke2 h2 46. a6 Ra3 47. Rxa3 h1=Q 48. a7 Qa8 49. Ra5 g3 50. Kf1 Qf3+ 0-1

[Event "World Blitz 2023"]
[Site "Samarkand UZB"]
[Date "2023.12.30"]
[Round "20.6"]
[White "Ian Nepomniachtchi"]
[Black "Jan-Krzysztof Duda"]
[Result "1-0"]
[EventDate "2023.12.29"]
[WhiteElo "2795"]
[BlackElo "2775"]
[PlyCount "56"]

1. e4 c5 2. Nf3 d6 3. d4 cxd4 4. Nxd4 Nf6 5. Nc3 a6 6. Be2 e5 7. Nf3 Be7 8. Bg5 Nbd7 9. O-O b5 10. a4 b4 11. Nd5 Bb7 12. Nxb4 Nxe4 13. Bxe7 Qxe7 14. Nd2 Ndf6 15. Nxe4 Nxe4 16. Nd5 Qd8 17. Bf3 Nc5 18. b4 Nd7 19. Ne3 Bxf3 20. Qxf3 O-O 21. Rfd1 Qb8 22. Qc6 Ra7 23. Qxd6 h6 24. c4 Rc8 25. Qxb8 Rxb8 26. Nd5 Kf8 27. c5 Rc8 28. Rac1 Nf6 1-0

[Event "World Blitz 2023"]
[Site "Samarkand UZB"]
[Date "2023.12.30"]
[Round "12.6"]
[White "Aleksandar Indjic"]
[Black "Jan-Krzysztof Duda"]
[Result "1/2-1/2"]
[EventDate "2023.12.29"]
[WhiteElo "2631"]
[BlackElo "2775"]
[PlyCount "232"]

1. d4 Nf6 2. c4 g6 3. Nc3 d5 4. Nf3 Bg7 5. h4 c6 6. Bg5 h6 7. Bxf6 Bxf6 8. e3 O-O 9. Qc2 e6 10. Ne5 Nd7 11. h5 g5 12. f4 Bg7 13. O-O-O Nxe5 14. dxe5 f6 15. exf6 Qxf6 16. g3 b5 17. cxb5 Bd7 18. Kb1 cxb5 19. e4 b4 20. e5 Qe7 21. Ne2 Rac8 22. Qd2 Ba4 23. Rc1 Rxc1+ 24. Qxc1 Bd7 25. Bh3 Kh8 26. Qd2 a5 27. Nd4 gxf4 28. gxf4 Qf7 29. Rf1 Qxh5 30. Qe3 Qg6+ 31. Ka1 a4 32. f5 exf5 33. e6 Be8 34. Rxf5 Rxf5 35. Nxf5 a3 36. Nxg7 Qxg7 37. Qc1 h5 38. Bf5 h4 39. Kb1 Qxb2+ 40. Qxb2+ axb2 41. Kxb2 Ba4 42. e7 Kg7 43. Bc2 Be8 44. Kb3 h3 45. Bd1 h2 46. Bf3 Kf6 47. Bxd5 Bf7 48. Kxb4 Bxd5 49. e8=Q h1=Q 50. Qf8+ Kg6 51. Qd6+ Kf5 52. Qf8+ Ke4 53. Qe8+ Kd4 54. Qa4 Qe1+ 55. Kb5+ Ke5 56. Qb4 Qe2+ 57. Kb6 Qf2+ 58. Qc5 Qb2+ 59. Qb5 Qxa2 60. Qe8+ Kd4 61. Qh8+ Kd3 62. Qh3+ Ke4 63. Qh4+ Kf5 64. Qh5+ Kf6 65. Qh6+ Ke7 66. Qg7+ Ke6 67. Qg6+ Ke5 68. Qg5+ Kd4 69. Qf4+ Be4 70. Qd6+ Ke3 71. Qg3+ Bf3 72. Qe5+ Kf2 73. Qh2+ Bg2 74. Qf4+ Kg1 75. Qd4+ Kf1 76. Qd1+ Kf2 77. Qd4+ Kf3 78. Qd3+ Kf4 79. Qd4+ Be4 80. Qf6+ Kg4 81. Qg7+ Kf4 82. Qf6+ Bf5 83. Qd4+ Kg5 84. Qg7+ Kh5 85. Qh8+ Kg6 86. Qe8+ Kf6 87. Qd8+ Ke5 88. Qe7+ Kd5 89. Qc5+ Ke6 90. Qc6+ Kf7 91. Qc7+ Kg6 92. Qg3+ Kh5 93. Qf3+ Bg4 94. Qf4 Qe6+ 95. Kc5 Qe7+ 96. Qd6 Qa7+ 97. Qb6 Qg7 98. Qd6 Qc3+ 99. Kb6 Qb3+ 100. Kc7 Qf7+ 101. Kb6 Qb3+ 102. Kc7 Qc4+ 103. Kb6 Bf5 104. Qh2+ Kg5 105. Qg3+ Kf6 106. Qd6+ Be6 107. Qf8+ Kg6 108. Qd6 Qb3+ 109. Kc7 Kf7 110. Qf4+ Ke8 111. Qd4 Qb5 112. Qh8+ Ke7 113. Qh4+ Kf7 114. Qh7+ Kf6 115. Qh6+ Ke5 116. Qg5+ Bf5 1/2-1/2